000 00636cam a22002053a 4500
001 45419
003 PGUSA
005 20140828084041.0
008 140416s2014||||xxu|||||s|||||000 | eng d
040 _aPGUSA
_beng
042 _adc
100 1 _aPeabody, Frederick William
245 1 4 _aThe Religio-Medical Masquerade :
_bA Complete Exposure of Christian Science
_h[electronic resource] /
_cFrederick William Peabody
260 _bProject Gutenberg,
_c2014
506 _aPublic domain in the USA.
516 _aElectronic text
830 0 _aProject Gutenberg
_v45419
856 4 0 _uhttp://www.gutenberg.org/ebooks/45419
942 _cEB
999 _c274670
_d274670